000 00564nam a2200169Ia 4500
008 150610s9999 xx 000 0 und d
020 _a9710869256
050 _aLB1027.5
_b.T84 2008   
100 _aTulio, Doris D.
245 2 _aA breakthrough in school guidance and counseling /
_cDoris D. Tulio.
260 _aMandaluyong City :
_bNational Book Store,
_c2008.
300 _a212pages ;
_c23 cm.
504 _aIncludes glossary.
520 _aEducational counseling.
650 _aPhilippines.
_xCounseling
650 _xCounseling in elementary education.
999 _c288176
_d288176